Spatial analysis, industry and the industrial environment progress in research and applications
Enregistré dans:
| Autres auteurs: | , |
|---|---|
| Format: | Livre |
| Langue: | anglais |
| Publié: |
Chichester
Wiley
1981
|
| Tags: |
Pas de tags, Soyez le premier à ajouter un tag!
|
MARC
| LEADER | 00000nam a2200000 4500 | ||
|---|---|---|---|
| 001 | c128782 | ||
| 005 | 20041019155244.5 | ||
| 041 | 0 | |a eng | |
| 044 | |a GB | ||
| 245 | 1 | 0 | |a Spatial analysis, industry and the industrial environment |b progress in research and applications |c Ed. by F.E. Hamilton, G.J.R. Linge |
| 264 | 1 | |a Chichester |b Wiley |c 1981 | |
| 300 | |a 652 s. | ||
| 700 | 1 | |a Hamilton, F.E. | |
| 700 | 1 | |a Linge, G.J.R. | |